|
|
|
|
| LEADER |
00000nas a2200000 a 4500 |
| 001 |
ssj0029444 |
| 003 |
WaSeSS |
| 005 |
20200512172242.0 |
| 006 |
m d |
| 007 |
cr n |
| 008 |
010402c20019999enkbr p s 0 0eng |
| 010 |
|
|
|a 2001243140
|
| 016 |
7 |
|
|a 101092169
|2 DNLM
|
| 016 |
7 |
|
|a 011649001
|2 Uk
|
| 022 |
|
|
|l 1473-012X
|y 1473-012X
|
| 035 |
|
|
|a (WaSeSS)ssj0029444
|
| 037 |
|
|
|b Publications Subscription Dept, The Royal Society of Medicine Press Ltd., PO Box 9002, London, England W1A OZA
|
| 040 |
|
|
|a NLM
|b eng
|c NLM
|d CDS
|d OCLCQ
|d UKMGB
|d OCLCF
|d EUW
|d OCLCO
|d OCLCQ
|d OCLCO
|d WaSeSS
|
| 042 |
|
|
|a pcc
|
| 050 |
|
4 |
|a RA643.75
|b .A33
|
| 060 |
0 |
0 |
|a W1
|b AD696DEB
|
| 082 |
0 |
4 |
|a 616.9792
|2 21
|
| 245 |
0 |
0 |
|a AIDS & hepatitis digest
|h [electronic resource].
|
| 246 |
3 |
|
|a AIDS and hepatitis digest
|
| 260 |
|
|
|a London :
|b Royal Society of Medicine Press,
|c ©2001-
|
| 310 |
|
|
|a Bimonthly
|
| 362 |
0 |
|
|a No. 82 (Mar. 2001)-
|
| 500 |
|
|
|a Title from caption.
|
| 506 |
|
|
|a License restrictions may limit access.
|
| 650 |
|
0 |
|a AIDS (Disease)
|v Periodicals.
|
| 650 |
|
0 |
|a HIV infections
|v Periodicals.
|
| 650 |
|
0 |
|a Hepatitis, Viral
|v Periodicals.
|
| 650 |
1 |
2 |
|a Acquired Immunodeficiency Syndrome.
|
| 650 |
2 |
2 |
|a Hepatitis, Viral, Human.
|
| 650 |
|
7 |
|a AIDS (Disease)
|2 fast
|0 (OCoLC)fst00793808
|
| 650 |
|
7 |
|a Hepatitis, Viral.
|2 fast
|0 (OCoLC)fst00955226
|
| 650 |
|
7 |
|a HIV infections.
|2 fast
|0 (OCoLC)fst00949871
|
| 655 |
|
0 |
|a Electronic journals.
|
| 710 |
2 |
|
|a Royal Society of Medicine (Great Britain)
|
| 780 |
0 |
0 |
|t AIDS letter
|x 0952-7427
|w (DLC)sn 88026299
|w (OCoLC)16689374
|
| 850 |
|
|
|a DNLM
|
| 856 |
4 |
0 |
|z Full text available from Research Library: 11/01/2003 to 09/30/2006
|u https://search.proquest.com/publication/43322
|